ANIMAIS!!!! - Statistics

Estatísticas Gerais
  • Esse quiz foi jogado 1 529 vezes
  • A pontuação média é 52 de 234
Estatísticas das Respostas
Hint Resposta % Correto
A Abelha Inseto
71%
G Gato Felino
71%
L Leão Quadrupede
71%
R Rato Roedor
66%
C Cavalo Quadrupede
62%
J Jacare Reptil
62%
V Vaca Bovino
62%
T Tubarão Animal marinho
60%
T Tigre Felino
58%
O Onça Felino
57%
E Elefante Quadrupede
56%
Z Zebra Quadrupede
55%
A Arara Passaro
54%
C Crocodilo Reptil
54%
U Urso Quadrupede
53%
H Hipopotamo Mamifero aquatico
52%
G Girafa Quadrupede
51%
F Formiga Inseto
49%
G Gorila Primata
49%
A Anta Quadrupede
48%
A Avestruz Ave
48%
I Iguana Reptil
48%
B Borboleta Inseto
47%
G Golfinho Animal marinho
47%
L Leopardo Felino
47%
T Tartaruga Reptil
46%
F Foca Animal marinho
45%
S Sapo Reptil
45%
C Coelho Roedor
44%
L Lula Fruto do mar
44%
L Lobo Quadrupede
43%
B Barata Inseto
42%
J Javali Suino
42%
R Rinoceronte Quadrupede
42%
M Mosca Inseto
41%
P Papagaio Passaro
41%
P Pato Passaro
41%
P Polvo Fruto do mar
41%
B Baleia azul Mamifero marinho
40%
C Camarão Marinho
40%
H Hiena Carnivoro
40%
O Orca Animal marinho
40%
C Castor Roedor
38%
E Esquilo Roedor
38%
M Mosquito Inseto
38%
U Urso polar Quadrupede
38%
V Veado Quadrupede
38%
C Cabra Quadrupede
37%
C Camelo Quadrupede
37%
G Guepardo Felino
37%
J Joaninha Inseto
37%
T Tucano Passaro em extinção
37%
A Andorinha Passaro
36%
J Jiboia Reptil
36%
L Lontra Roedor
36%
C Cascavel Reptil peconhento
35%
O Ornitorrinco Roedor ovipero
35%
P Panda Carnivoro
35%
E Escorpiao Inseto
34%
H Hamster Roedor
34%
A Alce Quadrupede
33%
B Bufalo Quadrupede
33%
B Burro Quadrupede
33%
C Chimpanze Primata
33%
F Falcão Passaro
33%
J Jabuti Reptil
33%
L Lagosta Fruto do mar
33%
L Lagartixa Reptil
32%
P Pinguim Ave
32%
R Raposa Felino
32%
T Tarantula Aranha
32%
C Caranguejo Fruto do mar
31%
C Cavalo marinho Animal marinho
31%
A Anaconda Cobra
30%
C Coala Mamifero
30%
G Grilo Inseto
30%
M Mico leão dourado Primata em extinção
30%
M Morcego Roedor
30%
A Atum Peixe
29%
B Babuino Primata
29%
D Dromedario Quadrupede
29%
P Peixe palhaço Peice
29%
S Salmão Peixe
29%
A Agua viva Criatura marinha
28%
E Ema Ave
28%
M Minhoca Inseto
28%
S Sucuri Reptil peçonhento
28%
C Camaleão Reptil
27%
F Flamingo Passaro
27%
A Antilope Quadrupede
26%
B Baiacu Peixe
26%
C Coruja Passaro
26%
G Gafanhoto Inseto
26%
L Lesma Molusco
26%
T Tubarão branco Animal marinho
26%
C Caracol Molusco
25%
G Gaivota Passaro
25%
P Peixe espada Peixe
25%
P Piranha Peixe
25%
A Arraia Peixe
24%
U Urso pardo Quadrupede
24%
A Ariranha Roedor
23%
G Gamba Roedor
23%
L Lagarta Inseto
23%
O Onça pintada Felino em extinção
23%
L Lebre Roedor
22%
S Sardinha Peixe
22%
B Baleia jubarte Mamifero marinho
21%
C Cagado Reptil
21%
C Caramujo Molusco
21%
M Mariposa Inseto
21%
M Morsa Animal aquatico
21%
P Pardal Passaro
21%
P Peru Ave
21%
C Carrapato Inseto
20%
D Dalmata Cachorro
20%
L Libelula Inseto
20%
O Ouriço Roedor
20%
P Periquito Passaro
20%
E Enguia Peixe
19%
F Furão Roedor
19%
L Lhama Quadrupede
19%
P Pulga Inseto
19%
T Tubarão tigre Animal marinho
19%
C Carneiro Quadrupede
18%
C Centopeia Inseto peconhento
18%
G Garça Passaro
18%
K Kiwi Passaro
18%
T Tubarão baleia Animal marinho
18%
P Pirarucu Peixe
17%
P Porco espinho Roedor
17%
A Abutre Passaro
16%
A Alpaca Quadrupede
16%
B Boto cor de rosa Animal marinho em extinção
16%
C Calopsita Passaro
16%
C Cupim Inseto
16%
P Piolho Inseto
16%
L Larva Verme
15%
Q Quati Roedor
15%
C Caranguejeira Aracnidio
14%
D Doberman Cachorro
14%
G Gazela Quadrupede
14%
P Poodle Cachorro
14%
A Asno Quadrupede
13%
C Chinchila Roedor
13%
D Dourado Peixe
13%
G Gnu Quadrupede
13%
P Pacu Peixe
13%
A Aranha armadeira Aracnidio
12%
C Cacatua Passaro
12%
C Cachalote Peixe
12%
L Linguado Peixe
12%
R Rolinha Passaro
12%
U Urso negro Quadrupedr
12%
A Acaro Inseto
11%
A Albatroz Passaro
11%
C Chita Felino
11%
F Faisão Ave
11%
B Bulldog Quadrupede raça
10%
Y Yak Bovino
10%
C Cutia Roedor
9%
P Percevejo Inseto
9%
S Sanguessuga Verme
9%
T Texugo Roedor
9%
T Tigre branco Felino
9%
A Anchova Peixe
8%
P Prea Roedor
8%
T Traira Peixe
8%
A Aranha viuva negra Aracnidio
7%
A Azulão Passaro
7%
B Barbeiro Inseto
7%
C Codorna Passaro
7%
P Peixe bolha Peixe
6%
S Sapo boi Reptil
6%
B Berne Verme
5%
C Cascudo Peixe
5%
C Chow chow Cachorro
5%
E Equidna Roedor
5%
S Sapo cururu Reptil
5%
B Besouro hercules Inseto
4%
E Esquilo voador Roedor
4%
G Gato persa Felino
4%
G Gato siames Felino
4%
I Ibis Passaro
4%
J Jacare açu Reptil
4%
K Kakapo Passaro
4%
V Vombate Roedor
4%
A Axalote Reptil marinho
3%
B Bicho de pe Verme
3%
C Cobra rei Reptil peconhento
3%
C Corça Quadrupede
3%
C Cuco Passaro
3%
F Feneco Felino
3%
F Formiga de fogo Inseto
3%
M Mussaranho Roedor
3%
T Tamboril Peixe
3%
T Tardigrado Microorganismo
3%
T Tubarão duende Animal marinho
3%
A Aiai Roedor
2%
B Barata da agua Inseto
2%
B Basilisco Reptil
2%
C Candiru Peixe
2%
M Mangusto Roedor
2%
M Marta Roedor
2%
P Peixe anjo Peixe
2%
P Peixe papagaio Peixe
2%
P Pirarara Peixe
2%
R Raposa do artico Felino
2%
T Tesourinha Inseto
2%
T Tubarão mako Animal marinho
2%
U Urso do sol Quadrupede
2%
U Urso grolar Quadrupede
2%
W Walabi Roedor
2%
B Besouro elefante Inseto
1%
B Besouro tita Inseto
1%
C Cangamba Roedor
1%
C Cochonilha Inseto
1%
F Formiga cabo verde Inseto
1%
F Formiga tocandira Inseto
1%
G Gerbilo Roedor
1%
G Gerboa Roedor
1%
J Jacare de agua doce Reptil
1%
L Lobo do artico Quadrupede
1%
L Lula colossal Animal marinho
1%
M Maki maki Peixe
1%
M Marfim Peixe
1%
M Maria preta Passaro
1%
O Onyx Quadrupede
1%
P Patola de pes azuis Passaro
1%
P Pato real Passaro
1%
P Peixinho dourado Peixe
1%
P Piria Roedor
1%
R Rato almiscarado Roedor
1%
S Sapo roxo Reptil
1%
Nenhum quiz correspondente encontrado
Distribuição das Pontuações
Porcentagem de Pessoas com Cada Pontuação
Percentil de Números Respondidos
Sua Pontuação Histórica
Você não jogou esse quiz